| 000 | 00788nam a22001337a 4500 | ||
|---|---|---|---|
| 040 | _cRUA | ||
| 082 | _aAGR SUN 2010 B044 Or.1 | ||
| 100 | _aSUN, SOPAGNA. | ||
| 245 | _aServer lance of green ants control insect pests on cashew tree in sanuk district kompong thom province ការអង្កេតសកម្មភាពអង្ក្រងក្នុងការគ្រប់គ្រងលើសត្វល្អិតចង្រៃលើដំណាំស្វាយចន្ទីក្នុងលក្ខខណ្ឌស្រុកសន្ទុក ខេត្តកណ្តាល | ||
| 260 |
_aPhnom Penh _bRUA _c2010 |
||
| 300 |
_axi; 47p. _bill. _c29cm. |
||
| 856 | _uhttps://drive.google.com/file/d/1RuZlH472B8nuKjQ6GSuaigmHXDE7OUD8/view?usp=sharing | ||
| 942 | _cAGR | ||
| 999 |
_c1047 _d1047 |
||